000 00565nam a2200181Ia 4500
008 090123s9999 xx 000 0 und d
082 _b14573
_a891.463/मराठे
100 _aमराठे प्र.द.
245 _aतो येऊनी गेला
250 _a1
260 _bजयदिप प्रकाशन
300 _a116
600 _aमराठे प्र.द.
630 _aतो येऊनी गेला
700 _aमराठे प्र.द.
730 _aतो येऊनी गेला
942 _cBOOK
999 _c52634
_d52634